| 000 | 00518pam a2200193 a 4500 | ||
|---|---|---|---|
| 020 | _c | ||
| 040 | _aMedical College Lib. | ||
| 041 |
_aENG _hENG |
||
| 082 |
_a618 _bRAT |
||
| 100 | _aRatnam, S. . | ||
| 245 |
_aContributions to Obstetrics and Gynaecology Vol - 3 / _c _hTextual Documents |
||
| 260 |
_a : _bB. I. Churchill Liv. , _c1994. |
||
| 300 |
_a790 ; _c |
||
| 365 | _a250=00 | ||
| 653 |
_aObst & Gynac _aMedical Science |
||
| 930 | _a4222 | ||
| 999 |
_c4221 _d4221 |
||